| 000 | 00596nam a2200169 i 4500 | ||
|---|---|---|---|
| 001 | 115660 | ||
| 003 | ES-MaACL | ||
| 005 | 20230906190527.0 | ||
| 007 | t| | ||
| 008 | 070424s1908 sp ||||1| spa d | ||
| 100 | 1 |
_aPeset y Aleixandre, Juan Bautista. _991437 |
|
| 245 | 1 | 0 |
_aNota experimental sobre varias sales nuevas de piridina / _cpor Juan Bta. Peset y Aleixandre. |
| 260 |
_aValencia : _b[s.n.], _c1908 ( _fImpr. de F. Vives Mora) |
||
| 300 |
_a81 p. : _bil. ; _c24 cm. |
||
| 500 | _aPrecede al tit.: Facultad de Medicina de la Universidad Central. | ||
| 852 |
_aES-MaACL _jT-150 bis-F-10 |
||
| 999 |
_c115660 _d115660 |
||